00449nam a2200157 a 45000010005000000030009000050080041000140400028000550820017000832450043001002600053001433000014001964900029002106500030002396500022002696725CO-ViMGA141112s2004 ck r 000 u spa d aCO-ViMGAbspacCO-ViMGA04aCo861.5 J67310aJorge Isaacs : bselección de coplas aSantafé de Bogotá : bPanAméricana, c1997 a45 p : il aCuadernillos de poesía14aIsaacs, Jorge 1837 - 189514aPOESIA COLOMBIANA